UBT Library

Në Kërkim të pasaportës së vjedhur (Record no. 60800)

000 -LEADER
fixed length control field 00323nam a22001337a 4500
008 - FIXED-LENGTH DATA ELEMENTS--GENERAL INFORMATION
fixed length control field 260216b ||||| |||| 00| 0 eng d
020 ## - INTERNATIONAL STANDARD BOOK NUMBER
International Standard Book Number 9789951323970
041 ## - LANGUAGE CODE
Language code of text/sound track or separate title eng
080 ## - UNIVERSAL DECIMAL CLASSIFICATION NUMBER
Universal Decimal Classification number 811.1801
100 ## - Rafti
Rafti 20.1
101 ## - Shkurtesa
Shkurtesa romane
245 ## - TITLE STATEMENT
Title Në Kërkim të pasaportës së vjedhur
Statement of responsibility, etc Krenar Zeneli
942 ## - ADDED ENTRY ELEMENTS (KOHA)
Source of classification or shelving scheme
Item type Books
Holdings
Withdrawn status Lost status Source of classification or shelving scheme Damaged status Not for loan Permanent location Current location Date acquired Total Checkouts Barcode Date last seen Price effective from Koha item type
          UBT - Lipjan UBT - Lipjan 02/16/2026   002-800070999459 02/16/2026 02/16/2026 Books
          UBT - Lipjan UBT - Lipjan 02/16/2026   002-800070999511 02/16/2026 02/16/2026 Books
UBT Library © 2015-2024. All rights reserved University Education for Business and Technology